Các phương pháp phân tích hạt nhân

में बचाया:
ग्रंथसूची विवरण
मुख्य लेखक: Nguyễn, Văn Đỗ
स्वरूप: पुस्तक
भाषा:Undetermined
प्रकाशित: H. Đại học Quốc gia Hà Nội 2004
विषय:
ऑनलाइन पहुंच:http://lrc.tdmu.edu.vn/opac/search/detail.asp?aID=2&ID=4083
टैग : टैग जोड़ें
कोई टैग नहीं, इस रिकॉर्ड को टैग करने वाले पहले व्यक्ति बनें!
Thư viện lưu trữ: Trung tâm Học liệu Trường Đại học Thủ Dầu Một
LEADER 00637nam a2200193Ia 4500
001 TDMU_4083
008 210410s9999 xx 000 0 und d
082 |a 539.7 
090 |b N4994 
100 |a Nguyễn, Văn Đỗ 
245 0 |a Các phương pháp phân tích hạt nhân 
245 0 |c Nguyễn Văn Đỗ 
260 |a H. 
260 |b Đại học Quốc gia Hà Nội 
260 |c 2004 
300 |a 138tr. 
650 |a Vật lý hạt nhân  |x Phân tích 
856 |u http://lrc.tdmu.edu.vn/opac/search/detail.asp?aID=2&ID=4083 
980 |a Trung tâm Học liệu Trường Đại học Thủ Dầu Một